Rozpoznaj 15 różnych flag świata! - Statystyki

Ogólne statystyki
  • Ten quiz został rozwiązany 97 razy
    24 od ostatniego zresetowania
  • Średni wynik to 14 z 15
Statystyki odpowiedzi
Obrazkowy Odpowiedź % Poprawnych
Chiny
100%
Polska
100%
Rosja
100%
Ukraina
100%
USA
100%
Belgia
95%
Niemcy
95%
Szwajcaria
95%
Wielka Brytania
95%
Francja
90%
Hiszpania
90%
Arabia Saudyjska
86%
Chile
86%
Egipt
86%
Włochy
86%
Nie znaleziono quizów pasujących do podanych kryteriów
Rozkład punktacji
Procent ludzi z każdym wynikiem
Percentyl według liczby udzielonych odpowiedzi
Twoja historia wyników
Nie rozwiązałeś tego quizu od ostatniego zresetowania